00740nam a2200193 a 450000100100000000500170001000800410002704000250006808200160009310000340010924500950014326000340023830000200027249000170029283000240030904900090033395201870034299900170052900003476220200930073904.0111019s1968 mx 000 0 spa d aDO-SdBNPbspacBNPHU axxxxbS161e1 aSalazar Bondy, Augusto96024310a¿Existe una filosofía de nuestra américa? /cAugusto Salazar Bondy ; prólogo A.S.B. aMéxico :bSiglo XXl,c1968. a133 p. ;c16 p.1 aMínimav22 0aMínimav22928232 aBNGR 001050718MOaGRbGRcCTd2011-10-19iLF1l0oxxxx S161ep34762-10r2020-06-25w2020-06-25y1zPerteneció a la biblioteca personal de Juan Isidro Jimenes -GrullónZNo se presta c34253d34253